| 000 | 01656nam0a22003491 4500 | ||
|---|---|---|---|
| 001 | rc\84742 | ||
| 005 | 20260406135740.0 | ||
| 010 |
_a5-01-003902-8 _bв пер. _dб.ц. _958500 |
||
| 021 |
_aRU _b92-33791 |
||
| 035 | _a(NLR Aleph) 005353091 | ||
| 090 |
_a6818147 _c6818147 |
||
| 100 | _a20021216d1992 |||y0rusy50 ca | ||
| 101 | 0 | _arus | |
| 102 | _aRU | ||
| 105 | _aa j|||||||| | ||
| 200 | 1 |
_aУчебник русской истории _eкурс систематический _eв двух частях _eдля средней школы _fС.Ф. Платонов _gпод общ. ред. А.А. Искендерова _g[вступ. статья В.А. Колобкова] |
|
| 210 |
_aМосква _cПрогресс. Прогресс-политика _cЖурнал "Вопросы истории" _d1992 |
||
| 215 |
_a399, [1] c. _cил. _d22 |
||
| 225 | 1 | _aБиблиотека "Вопросов истории" | |
| 320 | _aБиблиогр. в примеч.: с. 15 | ||
| 607 |
_aРоссия _jУчебные издания для средней школы _xИстория _z9 - 19 вв. _92081313 _3RU\NLR\AUTH\661257291 |
||
| 686 | 0 |
_aТ3(2)4я72 _2rubbk |
|
| 686 | 0 |
_aТ3(2)51я72 _2rubbk |
|
| 700 | 1 |
_7ca _8rus _aПлатонов _bС. Ф. _f1860-1933 _gСергей Федорович _9112738 _3RU\NLR\AUTH\772730 |
|
| 702 | 1 |
_aИскендеров _bА. А. _f1927- _gАмед Ахмедович _4340 |
|
| 702 | 1 |
_aКолобков _bВ. А. _gВладимир Анатольевич _4080 |
|
| 801 | 0 |
_aRU _bNLR _gpsbo |
|
| 801 | 1 |
_aRU _bELAR _2rusmarc |
|
| 801 | 2 |
_aRU _bNLR _c20170816 _2rusmarc |
|
| 852 |
_aNLR _j92-5/1981 |
||
| 942 | _cBOOK | ||
| 980 | _aNB | ||